<?xml version="1.0" encoding="UTF-8"?>
<marc:record xmlns:marc="http://www.loc.gov/MARC21/slim">
   <marc:leader>00000nam a2200000 a 4500</marc:leader>
   <marc:datafield ind1="1" ind2=" " tag="100">
      <marc:subfield code="a">Fante, John</marc:subfield>
      <marc:subfield code="4">aut</marc:subfield>
      <marc:subfield code="e">Verfasser/-in</marc:subfield>
   </marc:datafield>
   <marc:datafield ind1=" " ind2=" " tag="653">
      <marc:subfield code="a">Literatur</marc:subfield>
   </marc:datafield>
   <marc:datafield ind1=" " ind2=" " tag="653">
      <marc:subfield code="a">USA</marc:subfield>
   </marc:datafield>
   <marc:datafield ind1=" " ind2=" " tag="653">
      <marc:subfield code="a">Trilogie</marc:subfield>
   </marc:datafield>
   <marc:datafield ind1=" " ind2=" " tag="653">
      <marc:subfield code="a">Schriftstellerei</marc:subfield>
   </marc:datafield>
   <marc:datafield ind1="0" ind2="0" tag="245">
      <marc:subfield code="a">Arturo Bandini</marc:subfield>
   </marc:datafield>
   <marc:datafield ind1="0" ind2="0" tag="245">
      <marc:subfield code="b">die Trilogie</marc:subfield>
   </marc:datafield>
   <marc:datafield ind1=" " ind2="1" tag="264">
      <marc:subfield code="b">Blumenbar</marc:subfield>
      <marc:subfield code="c">2019</marc:subfield>
   </marc:datafield>
   <marc:datafield ind1="1" ind2=" " tag="520">
      <marc:subfield code="a">Angaben aus der Verlagsmeldung        Arturo Bandini : Die Trilogie »Wait until Spring, Bandini« / »Ask the Dust« / »Dreams from Bunker Hill« / von John Fante     »Fante war mein Gott.« Charles Bukowski.  Die Bandini-Romane sind das opus magnum von John Fante, dem großen, erst kürzlich weltweit triumphal wiederentdeckten Outsider der amerikanischen Literatur. Die Romane erzählen die Geschichte von Fantes Alter Ego Arturo Bandini, einem aus bitterarmen Verhältnissen stammenden jungen Italiener. Beseelt von dem unbändigen Wunsch Romane zu schreiben und Bedeutung zu erlangen, entflieht er seiner engstirnigen Heimat Colorado, um sein Glück im Los Angeles der Dreißigerjahre zu suchen.  Nach langer Zeit sind nun sämtliche Romane der Reihe wieder lieferbar, allesamt in glänzender Übersetzung von Alex Capus.  »Ich habe angefangen zu schreiben, weil ich von John Fante so begeistert war.« Benjamin von Stuckrad-Barre.  »John Fante ist einer der ganz großen West-Coast-Autoren  italienische Leidenschaft gepaart mit californischer Coolness.« Alex Capus</marc:subfield>
   </marc:datafield>
   <marc:datafield ind1="3" ind2=" " tag="024">
      <marc:subfield code="a">9783351050559</marc:subfield>
   </marc:datafield>
</marc:record>
